00402nam a2200145 a 4500008004100000020001800041050001400059100001800073245005200091250001200143260005700155300001000212350000900222650002500231160215s2007 ||||||||||||||||| || u a9788180618901 aQR 46 Gup aGupte, Satish10aReview of medical microbiologycBy Satish Gupta a2nd ed. aNew Delhi:bJaypee Brothers Medical publishersc2007 a316p. a4.50 0aMEDICAL MICROBIOLOGY